Tuvalu : Staff Report for the 2012 Article IV Consultation.

This paper discusses Tuvalu's economic condition, internal happenings, external linkages, and climate. The country has reported slow economic growth after the global crisis. The export and economic expansions have been minimal with many of its goods imported. The main source of income for the c...

Mô tả đầy đủ

Chi tiết về thư mục
Tác giả của công ty: International Monetary Fund
Định dạng: Tạp chí
Ngôn ngữ:English
Được phát hành: Washington, D.C. : International Monetary Fund, 2012.
Loạt:IMF Staff Country Reports; Country Report ; No. 2012/259
Truy cập trực tuyến:Full text available on IMF
LEADER 01664cas a2200241 a 4500
001 AALejournalIMF012137
008 230101c9999 xx r poo 0 0eng d
020 |c 5.00 USD 
020 |z 9781475505795 
022 |a 1934-7685 
040 |a BD-DhAAL  |c BD-DhAAL 
110 2 |a International Monetary Fund. 
245 1 0 |a Tuvalu :   |b Staff Report for the 2012 Article IV Consultation. 
264 1 |a Washington, D.C. :  |b International Monetary Fund,  |c 2012. 
300 |a 1 online resource (62 pages) 
490 1 |a IMF Staff Country Reports 
500 |a <strong>Off-Campus Access:</strong> No User ID or Password Required 
500 |a <strong>On-Campus Access:</strong> No User ID or Password Required 
506 |a Electronic access restricted to authorized BRAC University faculty, staff and students 
520 3 |a This paper discusses Tuvalu's economic condition, internal happenings, external linkages, and climate. The country has reported slow economic growth after the global crisis. The export and economic expansions have been minimal with many of its goods imported. The main source of income for the country continue to be remittances from its citizens working abroad and donor assistance. The government has laid out a rigid agenda for improving fiscal strength, literacy rate, power, health, and reducing nonpriority expenditure. The authorities believe that these challenges have given a fighting spirit to the country. 
538 |a Mode of access: Internet 
830 0 |a IMF Staff Country Reports; Country Report ;  |v No. 2012/259 
856 4 0 |z Full text available on IMF  |u http://elibrary.imf.org/view/journals/002/2012/259/002.2012.issue-259-en.xml  |z IMF e-Library